[Event "XX Miedzynarodowy Turniej Szachowy"]
[Site "Kowalewo Pomorskie"]
[Date "2013.07.11"]
[Round "2.7"]
[White "Kukula, Pawel"]
[Black "Wisniewski, Szymon"]
[Result "1-0"]
[WhiteElo "2250"]
[BlackElo "1791"]
[PlyCount "57"]
[EventDate "2013.??.??"]

1. d4 Nf6 2. Nf3 c5 3. e3 cxd4 4. exd4 g6 5. c4 d5 6. Nc3 dxc4 7. Bxc4 Bg7 8.
O-O O-O 9. h3 a6 10. a4 b6 11. Ne5 Bb7 12. Qb3 e6 13. Be3 Nd5 14. Nxd5 Bxd5 15.
Bxd5 exd5 16. Rac1 Nd7 17. Nc6 Qh4 18. Qxd5 Nf6 19. Qb3 Nd7 20. Rfe1 Kh8 21.
Bd2 f5 22. Ne5 Bxe5 23. dxe5 Nc5 24. Qc4 Ne4 25. Be3 b5 26. axb5 axb5 27. Qb4
Rac8 28. f3 Rxc1 29. Qxf8# 1-0

[Event "XX Miedzynarodowy Turniej Szachowy"]
[Site "Kowalewo Pomorskie"]
[Date "2013.07.11"]
[Round "2.8"]
[White "Sliwicka, Alicja"]
[Black "Siembab, Bartosz"]
[Result "1/2-1/2"]
[WhiteElo "1817"]
[BlackElo "2258"]
[PlyCount "89"]
[EventDate "2013.??.??"]

1. e4 c5 2. Nf3 d6 3. d4 cxd4 4. Nxd4 Nf6 5. Nc3 a6 6. Be2 e5 7. Nb3 Be7 8. Bg5
Be6 9. Bxf6 Bxf6 10. Nd5 Bg5 11. O-O O-O 12. Qd3 Nc6 13. Rad1 b5 14. f4 exf4
15. Nxf4 Qb6+ 16. Kh1 Bc4 17. Qd2 Ne5 18. Nd4 Qb7 19. b3 Bxe2 20. Qxe2 Bxf4 21.
Rxf4 Ng6 22. Rf3 Rae8 23. Re3 d5 24. Nf5 Rxe4 25. Rxe4 dxe4 26. Nd6 Qc6 27.
Qxe4 Qxe4 28. Nxe4 Re8 29. Ng3 Nf4 30. Kg1 h5 31. Kf2 g6 32. Kf3 Ne6 33. c4 Rc8
34. Rc1 Kg7 35. Ke4 Ng5+ 36. Kd5 Rd8+ 37. Kc6 h4 38. Nf1 bxc4 39. bxc4 Ne6 40.
c5 Rb8 41. Kd6 Kf6 42. Ne3 Rd8+ 43. Kc6 Rd2 44. a4 Re2 45. Rf1+ 1/2-1/2

[Event "XX Miedzynarodowy Turniej Szachowy"]
[Site "Kowalewo Pomorskie"]
[Date "2013.07.11"]
[Round "2.9"]
[White "Cichocki, Konrad"]
[Black "Szopieraj, Dariusz"]
[Result "1/2-1/2"]
[WhiteElo "1958"]
[BlackElo "2069"]
[PlyCount "43"]
[EventDate "2013.??.??"]

1. d4 Nf6 2. c4 e6 3. Nc3 d5 4. Bg5 Be7 5. Nf3 h6 6. Bxf6 Bxf6 7. e3 O-O 8. Rc1
c6 9. Bd3 Nd7 10. O-O dxc4 11. Bxc4 e5 12. Ne4 exd4 13. Nxf6+ Nxf6 14. Nxd4 Qe7
15. Qc2 c5 16. Nb5 a6 17. Nc3 b6 18. e4 Bb7 19. Rfe1 Qe5 20. Nd5 Bxd5 21. exd5
Qd6 22. a4 1/2-1/2

[Event "XX Miedzynarodowy Turniej Szachowy"]
[Site "Kowalewo Pomorskie"]
[Date "2013.07.11"]
[Round "2.10"]
[White "Wacior, Maciej"]
[Black "Krainski, Slawomir"]
[Result "1/2-1/2"]
[WhiteElo "1758"]
[BlackElo "2035"]
[PlyCount "98"]
[EventDate "2013.??.??"]

1. d4 d5 2. Nf3 c6 3. Bf4 Qb6 4. b3 Nf6 5. e3 Qa5+ 6. c3 Bf5 7. Bd3 Bxd3 8.
Qxd3 e6 9. O-O Nbd7 10. Nbd2 Be7 11. Ne5 O-O 12. Bg5 Rad8 13. f4 Rfe8 14. Rf3
Nf8 15. Bxf6 Bxf6 16. g4 Be7 17. g5 c5 18. h4 Ng6 19. Rh3 cxd4 20. Nxg6 hxg6
21. exd4 Bd6 22. Qf3 Rc8 23. a4 Rc6 24. h5 Rec8 25. Rc1 Bb4 26. Nb1 Qb6 27. Kg2
Ba3 28. Nxa3 Qxb3 29. c4 Qb2+ 30. Rc2 Qxd4 31. Qe3 Qxe3 32. Rxe3 gxh5 33. Rec3
a6 34. c5 Kh7 35. Nb1 Kg6 36. Kf3 Kf5 37. Nd2 f6 38. Nb3 e5 39. gxf6 gxf6 40.
Na5 R6c7 41. Nb3 d4 42. Rc4 Rg8 43. Rh2 Rh7 44. Nxd4+ exd4 45. Rxd4 h4 46. Rd5+
Ke6 47. Rd6+ Kf5 48. Rd5+ Ke6 49. Rd6+ Kf5 1/2-1/2

[Event "XX Miedzynarodowy Turniej Szachowy"]
[Site "Kowalewo Pomorskie"]
[Date "2013.07.11"]
[Round "2.11"]
[White "Tarczykowski, Janusz"]
[Black "Zebracki, Tomasz"]
[Result "1-0"]
[WhiteElo "2026"]
[BlackElo "1929"]
[PlyCount "55"]
[EventDate "2013.??.??"]

1. d4 Nf6 2. c4 e5 3. dxe5 Ng4 4. Nf3 Bc5 5. e3 Nc6 6. Be2 Ngxe5 7. Nxe5 Nxe5
8. O-O d6 9. Nc3 O-O 10. Na4 Bb6 11. b3 Qh4 12. Nxb6 axb6 13. Bb2 Re8 14. f4
Nc6 15. Rf3 Ne7 16. e4 Nc6 17. Qd3 Qe7 18. Qc3 f6 19. Rg3 Kf8 20. Bh5 g6 21.
Bxg6 hxg6 22. Rxg6 Be6 23. Rxf6+ Bf7 24. Rf5 Qe6 25. Qg7+ Ke7 26. Rxf7+ Kd8 27.
f5 Qxe4 28. Rd7+ 1-0

[Event "XX Miedzynarodowy Turniej Szachowy"]
[Site "Kowalewo Pomorskie"]
[Date "2013.07.11"]
[Round "2.12"]
[White "Pawlowski, Pawel"]
[Black "Rak, Tomasz"]
[Result "0-1"]
[WhiteElo "1804"]
[BlackElo "2023"]
[PlyCount "70"]
[EventDate "2013.??.??"]

1. c4 e6 2. g3 d5 3. Bg2 c6 4. Nf3 Bd6 5. Qc2 f5 6. c5 Bc7 7. d4 b6 8. b4 a5 9.
Bd2 axb4 10. cxb6 Bd6 11. O-O Qxb6 12. Rc1 Ne7 13. Bf4 Bxf4 14. gxf4 Nd7 15.
Nbd2 Ra3 16. Nb3 O-O 17. Kh1 Ba6 18. e3 Ra8 19. Nfd2 Bb5 20. Qb2 Qa7 21. Nc5
Nxc5 22. dxc5 Rxa2 23. Rxa2 Qxa2 24. Qxb4 Ra4 25. Qc3 Ra3 26. Qb4 d4 27. exd4
Rd3 28. Nf3 Qxf2 29. Rf1 Qa2 30. Re1 Rb3 31. Qd2 Rb2 32. Qe3 Rxg2 33. Qe5 h6
34. Qd6 Bc4 35. Qxe7 Rxh2+ 0-1

[Event "XX Miedzynarodowy Turniej Szachowy"]
[Site "Kowalewo Pomorskie"]
[Date "2013.07.11"]
[Round "2.13"]
[White "Banasik, Krzysztof"]
[Black "Karpus, Michal"]
[Result "1-0"]
[WhiteElo "2287"]
[BlackElo "1764"]
[PlyCount "65"]
[EventDate "2013.??.??"]

1. e4 e6 2. d3 d5 3. Nd2 Nf6 4. Ngf3 Be7 5. g3 O-O 6. Bg2 c5 7. O-O Nc6 8. Re1
b5 9. e5 Nd7 10. Nf1 a5 11. h4 b4 12. N1h2 a4 13. a3 Nb6 14. Bf4 bxa3 15. bxa3
Rb8 16. Ng5 Nd4 17. c3 Nf5 18. Bh3 Rb7 19. Bxf5 exf5 20. e6 fxe6 21. Nxe6 Bxe6
22. Rxe6 Qd7 23. Re2 Nc8 24. Rb1 Bd6 25. Rxb7 Qxb7 26. Qxa4 Qb1+ 27. Kg2 Qxd3
28. Re3 Qc4 29. Qc6 Bxf4 30. gxf4 Na7 31. Qe6+ Kh8 32. Qf7 Rg8 33. Re8 1-0

[Event "XX Miedzynarodowy Turniej Szachowy"]
[Site "Kowalewo Pomorskie"]
[Date "2013.07.11"]
[Round "2.14"]
[White "Machlowski, Slawomir"]
[Black "Sobczynski, Roman"]
[Result "1-0"]
[WhiteElo "2159"]
[BlackElo "1880"]
[PlyCount "39"]
[EventDate "2013.??.??"]

1. d4 d5 2. c4 e6 3. Nf3 Nf6 4. g3 Bb4+ 5. Bd2 Bxd2+ 6. Nbxd2 O-O 7. Bg2 Nbd7
8. Qc2 Re8 9. Rd1 c6 10. O-O Qa5 11. h3 e5 12. cxd5 Nxd5 13. Ne4 Qb4 14. dxe5
Qe7 15. h4 h6 16. Nd6 Rf8 17. Bh3 N5b6 18. Qc3 Nd5 19. Qd4 f5 20. Nxf5 1-0

[Event "XX Miedzynarodowy Turniej Szachowy"]
[Site "Kowalewo Pomorskie"]
[Date "2013.07.11"]
[Round "2.15"]
[White "Sliwicki, Damian"]
[Black "Rogalski, Krzysztof"]
[Result "1-0"]
[WhiteElo "2027"]
[BlackElo "1821"]
[PlyCount "131"]
[EventDate "2013.??.??"]

1. e4 c5 2. Nf3 e6 3. d4 cxd4 4. Nxd4 a6 5. Nc3 Qc7 6. g3 Nc6 7. Bg2 Nge7 8.
Be3 Nxd4 9. Bxd4 Nc6 10. O-O Nxd4 11. Qxd4 Qc5 12. Rfd1 Qxd4 13. Rxd4 d6 14.
Rad1 Be7 15. Na4 Bd7 16. Nb6 Rd8 17. e5 d5 18. b4 Bc6 19. c4 dxc4 20. Rxd8+
Bxd8 21. Bxc6+ bxc6 22. Nxc4 Bc7 23. Nd6+ Ke7 24. Nxf7 Rf8 25. Ng5 h6 26. Ne4
Bxe5 27. Rc1 Rc8 28. Nc5 Ra8 29. Re1 Kd6 30. Rd1+ Ke7 31. Rd7+ Kf6 32. f4 Bb2
33. Rd3 a5 34. Nd7+ Ke7 35. Nb6 Ra6 36. Nc4 Bf6 37. Nxa5 c5 38. a3 cxb4 39.
axb4 Rb6 40. Kg2 Ke8 41. Rb3 Rb5 42. Kf3 Kd7 43. Ke4 Be7 44. Rd3+ Kc7 45. Rc3+
Kd7 46. Rd3+ Kc7 47. Rc3+ Kd7 48. Nc6 Bxb4 49. Rc2 Bd6 50. Nd4 Rc5 51. Ra2 Ke7
52. Ra7+ Rc7 53. Ra6 Rd7 54. f5 exf5+ 55. Nxf5+ Ke6 56. Rb6 h5 57. Rxd6+ Rxd6
58. Nxd6 Kxd6 59. Kf5 Kd5 60. h4 Kd6 61. Kg6 Ke5 62. Kxg7 Kf5 63. Kh6 Kg4 64.
Kg6 Kxg3 65. Kxh5 Kf4 66. Kg6 1-0

[Event "XX Miedzynarodowy Turniej Szachowy"]
[Site "Kowalewo Pomorskie"]
[Date "2013.07.11"]
[Round "2.16"]
[White "Augustowski, Janusz"]
[Black "Renkowski, Piotr"]
[Result "0-1"]
[WhiteElo "1860"]
[BlackElo "2004"]
[PlyCount "102"]
[EventDate "2013.??.??"]

1. Nf3 d6 2. d4 Nc6 3. c4 e5 4. dxe5 Nxe5 5. Nxe5 dxe5 6. Qxd8+ Kxd8 7. Bd2 Be6
8. e3 c6 9. Bc3 f6 10. Be2 Kc7 11. Nd2 Nh6 12. O-O Nf5 13. Rfd1 Be7 14. Ne4
Rhd8 15. Kf1 Nh4 16. b3 Bf5 17. Ng3 Bc2 18. Rdc1 Bg6 19. Rd1 Nf5 20. Nxf5 Bxf5
21. Rxd8 Rxd8 22. Rd1 Rxd1+ 23. Bxd1 Ba3 24. Ke2 Bb1 25. Kd2 b6 26. Be2 a5 27.
c5 Bxc5 28. Kc1 Be4 29. g3 Ba3+ 30. Bb2 Bxb2+ 31. Kxb2 Kd6 32. Kc3 Kc5 33. a3
Bd5 34. b4+ axb4+ 35. axb4+ Kd6 36. Bg4 e4 37. Kd4 c5+ 38. bxc5+ bxc5+ 39. Kc3
Ke5 40. Be2 f5 41. Bd1 g5 42. Be2 f4 43. Bg4 Bf7 44. Bd7 Be6 45. Bb5 Kf5 46.
Bc6 h5 47. h3 Ke5 48. Be8 h4 49. Bb5 Bxh3 50. gxh4 gxh4 51. Be2 Bg2 0-1

[Event "XX Miedzynarodowy Turniej Szachowy"]
[Site "Kowalewo Pomorskie"]
[Date "2013.07.11"]
[Round "2.18"]
[White "Zielinski, Olgierd"]
[Black "Chylewski, Patryk"]
[Result "1-0"]
[WhiteElo "1900"]
[BlackElo "1740"]
[PlyCount "109"]
[EventDate "2013.??.??"]

1. e4 c5 2. Nf3 d6 3. d4 cxd4 4. Nxd4 Nf6 5. Nc3 a6 6. f3 e6 7. Be3 b5 8. g4
Bb7 9. Qd2 Nfd7 10. O-O-O Nb6 11. Qf2 N8d7 12. h4 Qc7 13. Kb1 b4 14. Nce2 Nc4
15. Bc1 Rc8 16. Ng3 Ndb6 17. Bxc4 Nxc4 18. Rhe1 Qb6 19. Qe2 a5 20. b3 Ne5 21.
Bb2 Ba6 22. Qg2 a4 23. f4 Nd7 24. g5 Nc5 25. h5 axb3 26. axb3 Bb7 27. Qe2 Bc6
28. h6 Rg8 29. Nxc6 Rxc6 30. Nh5 Qa5 31. hxg7 Be7 32. Nf6+ Bxf6 33. gxf6 Ra6
34. Qc4 Qa2+ 35. Kc1 Rc6 36. Re3 Kd7 37. Qxb4 Rgc8 38. Rc3 h5 39. Rxc5 Rxc5 40.
Qxc5 Rxc5 41. g8=Q Qxb3 42. Qxf7+ Kc6 43. Qe8+ Kb7 44. Qd7+ Ka8 45. Qd8+ Kb7
46. Qd7+ Ka8 47. Rd2 Qe3 48. Qa4+ Kb7 49. Bd4 Qe1+ 50. Rd1 Qxe4 51. Qb3+ Kc7
52. Bxc5 dxc5 53. Qg3 Qf5 54. Qg5 Qh3 55. Qxc5+ 1-0

[Event "XX Miedzynarodowy Turniej Szachowy"]
[Site "Kowalewo Pomorskie"]
[Date "2013.07.11"]
[Round "2.19"]
[White "Kindler, Przemyslaw"]
[Black "Smal, Tobiasz"]
[Result "1/2-1/2"]
[WhiteElo "1768"]
[BlackElo "1893"]
[PlyCount "129"]
[EventDate "2013.??.??"]

1. e4 c5 2. Nf3 d6 3. d4 cxd4 4. Nxd4 Nf6 5. Nc3 a6 6. h3 e6 7. g4 d5 8. Bg2
Bb4 9. Nde2 Nc6 10. a3 Bxc3+ 11. Nxc3 d4 12. Ne2 e5 13. O-O Be6 14. Ng3 Nd7 15.
f4 f6 16. Nf5 Bxf5 17. exf5 Qb6 18. Kh2 O-O-O 19. b4 Rhe8 20. Qd3 exf4 21. Bxf4
Nde5 22. Qb3 g5 23. fxg6 hxg6 24. Rad1 Qc7 25. Qg3 Re6 26. Be4 Ne7 27. c3 g5
28. Bxe5 Qxe5 29. Rfe1 Qxg3+ 30. Kxg3 dxc3 31. Rc1 Kb8 32. Rxc3 Rd4 33. Kf3 Nc6
34. Re2 Rc4 35. Rxc4 Ne5+ 36. Kg3 Nxc4 37. h4 gxh4+ 38. Kxh4 Re5 39. Bd3 Rxe2
40. Bxe2 Ne5 41. a4 Ng6+ 42. Kg3 Kc7 43. Bd3 Ne7 44. Be4 b6 45. Kf4 Kd6 46. g5
fxg5+ 47. Kxg5 Nd5 48. b5 a5 49. Kf5 Nc3 50. Bc2 Kd5 51. Kf6 Kc5 52. Ke6 Ne2
53. Kd7 Nd4 54. Bd1 Nxb5 55. axb5 Kxb5 56. Kd6 Kb4 57. Kc6 b5 58. Bg4 a4 59.
Be6 a3 60. Ba2 Ka4 61. Kc5 Ka5 62. Kd4 Kb4 63. Kd3 Ka4 64. Kc3 b4+ 65. Kc2
1/2-1/2

[Event "XX Miedzynarodowy Turniej Szachowy"]
[Site "Kowalewo Pomorskie"]
[Date "2013.07.11"]
[Round "3.1"]
[White "Budrewicz, Krzysztof"]
[Black "Warakomski, Tomasz"]
[Result "0-1"]
[WhiteElo "2196"]
[BlackElo "2498"]
[PlyCount "74"]
[EventDate "2013.??.??"]

1. d4 Nf6 2. c4 e6 3. Nf3 Bb4+ 4. Nbd2 d5 5. Qa4+ Nc6 6. a3 Be7 7. e3 O-O 8.
Bd3 Nd7 9. Qc2 h6 10. O-O Bf6 11. b3 dxc4 12. Nxc4 e5 13. Bb2 exd4 14. exd4 Nb6
15. Nce5 Ne7 16. Rac1 Nbd5 17. Rfe1 c6 18. g3 g6 19. Nd2 Bf5 20. Ne4 Bg7 21.
Rcd1 Qc7 22. Qd2 Rad8 23. Bf1 Bxe5 24. dxe5 Bxe4 25. Rxe4 Nc3 26. Qxc3 Rxd1 27.
Rg4 Qd8 28. e6 f6 29. Qc2 Kg7 30. Bc3 Qd5 31. h4 h5 32. Rg5 Nf5 33. g4 hxg4 34.
h5 Rxf1+ 35. Kxf1 Ng3+ 36. fxg3 Qh1+ 37. Ke2 Qg2+ 0-1

[Event "XX Miedzynarodowy Turniej Szachowy"]
[Site "Kowalewo Pomorskie"]
[Date "2013.07.11"]
[Round "3.2"]
[White "Jaroch, Karol"]
[Black "Paprocki, Jaroslaw"]
[Result "1-0"]
[WhiteElo "2241"]
[BlackElo "2218"]
[PlyCount "135"]
[EventDate "2013.??.??"]

1. e4 e5 2. Nf3 Nc6 3. Bb5 a6 4. Ba4 Nf6 5. d3 Bc5 6. O-O b5 7. Bb3 d6 8. c3
Bg4 9. h3 Bh5 10. Bg5 Qd7 11. Bxf6 gxf6 12. Nxe5 Bxd1 13. Nxd7 Bxb3 14. Nxc5
dxc5 15. axb3 Rg8 16. Rd1 O-O-O 17. Kf1 Kb7 18. g3 Rge8 19. Ke2 f5 20. Nd2 h5
21. f3 Ne5 22. Nf1 Ng6 23. Ke3 h4 24. f4 hxg3 25. Nxg3 Nh4 26. e5 Rd6 27. Rg1
Rh6 28. Ne2 Ng6 29. Rg3 Reh8 30. Ng1 Rh4 31. Rf1 Ne7 32. c4 Nc6 33. Rg7 Rf8 34.
Rg5 Nd4 35. b4 f6 36. exf6 Rxf6 37. bxc5 Ne6 38. Rg3 bxc4 39. d4 Rh8 40. Nf3
Rfh6 41. Rh1 Re8 42. Ne5 Rh4 43. c6+ Kb6 44. Rf3 Nd8 45. Rg1 Rh6 46. Rg5 Nxc6
47. Rxf5 Rd6 48. Kf2 Kb7 49. Nxc6 Rxc6 50. Re5 Rd8 51. f5 Rdd6 52. Ke3 Rb6 53.
Ke4 Rf6 54. Rf2 Rb3 55. Rh2 Rd3 56. Rc5 Rd1 57. Rf2 Rd3 58. h4 Rh3 59. Rf4 Rh2
60. Ke5 Rf8 61. Ke6 Rxb2 62. Ke7 Rh8 63. f6 Re2+ 64. Re5 Rh2 65. f7 c3 66. f8=Q
Rxf8 67. Kxf8 c2 68. Rc5 1-0

[Event "XX Miedzynarodowy Turniej Szachowy"]
[Site "Kowalewo Pomorskie"]
[Date "2013.07.11"]
[Round "3.3"]
[White "Sieciechowicz, Marcin"]
[Black "Tarczykowski, Janusz"]
[Result "1-0"]
[WhiteElo "2462"]
[BlackElo "2026"]
[PlyCount "87"]
[EventDate "2013.??.??"]

1. d4 Nf6 2. c4 e6 3. Nf3 Bb4+ 4. Bd2 Qe7 5. g3 Nc6 6. Nc3 O-O 7. Bg2 Bxc3 8.
Bxc3 Ne4 9. Qc2 Nxc3 10. Qxc3 d6 11. O-O e5 12. d5 Nb8 13. c5 Na6 14. cxd6 cxd6
15. Rac1 Bf5 16. Qe3 Qd7 17. Rc4 b5 18. Rc3 Nb4 19. Qd2 a5 20. a3 Na6 21. Rfc1
Nc5 22. Nxe5 dxe5 23. Rxc5 Rfc8 24. Rxc8+ Rxc8 25. Rxc8+ Qxc8 26. e4 Bg4 27. h3
Bd7 28. Qxa5 h5 29. Kh2 h4 30. gxh4 Kh7 31. Qc3 Qe8 32. Qg3 Qb8 33. Bf3 Qb6 34.
Bg4 Be8 35. b4 Qd4 36. Qf3 f6 37. h5 Qd2 38. Bf5+ Kh8 39. Qe3 Qd1 40. Qc5 Kg8
41. Qc8 Qxh5 42. Bd7 Qh4 43. Qxe8+ Kh7 44. Bf5+ 1-0

[Event "XX Miedzynarodowy Turniej Szachowy"]
[Site "Kowalewo Pomorskie"]
[Date "2013.07.11"]
[Round "3.4"]
[White "Rak, Tomasz"]
[Black "Kukula, Pawel"]
[Result "0-1"]
[WhiteElo "2023"]
[BlackElo "2250"]
[PlyCount "66"]
[EventDate "2013.??.??"]

1. Nf3 Nf6 2. d4 g6 3. c4 Bg7 4. Nc3 d6 5. h3 O-O 6. e4 e5 7. d5 a5 8. Bg5 Qe8
9. g4 Nfd7 10. Qd2 Nc5 11. Nh4 Nba6 12. Bh6 Qe7 13. Bxg7 Kxg7 14. Ng2 f5 15.
gxf5 gxf5 16. f3 Bd7 17. O-O-O Nb4 18. Kb1 Kh8 19. h4 fxe4 20. fxe4 Bg4 21. Re1
Rf6 22. Ne3 Bf3 23. Bg2 Bxg2 24. Qxg2 Rg8 25. Qh2 Nbd3 26. Ref1 Rf4 27. Nf5 Qf6
28. Rfg1 Rf8 29. Rg5 Nf2 30. Rf1 Nfxe4 31. Rxf4 exf4 32. Nxe4 Nxe4 33. Rh5 Qg6
0-1

[Event "XX Miedzynarodowy Turniej Szachowy"]
[Site "Kowalewo Pomorskie"]
[Date "2013.07.11"]
[Round "3.5"]
[White "Zielinski, Wojciech"]
[Black "Kowalczyk, Rafal"]
[Result "1-0"]
[WhiteElo "2154"]
[BlackElo "2135"]
[PlyCount "67"]
[EventDate "2013.??.??"]

1. b3 e5 2. Bb2 d6 3. e3 Nf6 4. d4 exd4 5. exd4 d5 6. Nf3 Bd6 7. Be2 O-O 8. O-O
Re8 9. Nbd2 Nbd7 10. Re1 c6 11. Bd3 Rxe1+ 12. Qxe1 Nf8 13. Ne5 Ng6 14. Nxg6
hxg6 15. Nf3 Qc7 16. h3 Bd7 17. Ne5 Re8 18. Qd2 Qc8 19. Nxd7 Qxd7 20. Re1 Ne4
21. Bxe4 dxe4 22. c4 f5 23. Qg5 Kf7 24. d5 cxd5 25. Rd1 dxc4 26. Qd2 Rd8 27. g3
Ke8 28. Qd5 Qf7 29. Qb5+ Kf8 30. Ba3 Qe6 31. Rxd6 Rxd6 32. Qc5 cxb3 33. Qxd6+
Qxd6 34. Bxd6+ 1-0

[Event "XX Miedzynarodowy Turniej Szachowy"]
[Site "Kowalewo Pomorskie"]
[Date "2013.07.11"]
[Round "3.6"]
[White "Siembab, Bartosz"]
[Black "Teclaf, Pawel"]
[Result "1-0"]
[WhiteElo "2258"]
[BlackElo "1863"]
[PlyCount "25"]
[EventDate "2013.??.??"]

1. Nf3 Nf6 2. b3 d5 3. Bb2 e6 4. e3 c5 5. Ne5 Nbd7 6. f4 Be7 7. Bd3 O-O 8. Qf3
Qc7 9. O-O b6 10. Qh3 h6 11. Rf3 Bb7 12. Rg3 Kh8 13. Ng4 1-0

[Event "XX Miedzynarodowy Turniej Szachowy"]
[Site "Kowalewo Pomorskie"]
[Date "2013.07.11"]
[Round "3.7"]
[White "Renkowski, Piotr"]
[Black "Banasik, Krzysztof"]
[Result "1/2-1/2"]
[WhiteElo "2004"]
[BlackElo "2287"]
[PlyCount "117"]
[EventDate "2013.??.??"]

1. e4 d6 2. d4 Nf6 3. Nc3 e5 4. dxe5 dxe5 5. Qxd8+ Kxd8 6. Nf3 Bd6 7. Bc4 Be6
8. Bxe6 fxe6 9. Bg5 a6 10. O-O-O Ke7 11. Nd2 h6 12. Bh4 Nbd7 13. Nc4 g5 14. Bg3
Nh5 15. Rd2 Nxg3 16. hxg3 Nf6 17. f4 Ng4 18. f5 Bb4 19. Rhd1 Rad8 20. a3 Rxd2
21. Rxd2 Bxc3 22. bxc3 exf5 23. exf5 Rf8 24. Na5 b6 25. Nc6+ Kf6 26. Rd7 Rf7
27. Rxf7+ Kxf7 28. Nb4 Ne3 29. Nxa6 c5 30. Nc7 Nxf5 31. Nd5 b5 32. c4 bxc4 33.
Nb6 c3 34. a4 Nxg3 35. a5 Ne2+ 36. Kd1 Nd4 37. a6 Nc6 38. Nd7 Ke6 39. Nxc5+ Kd5
40. Na4 Kd4 41. Nb6 h5 42. Nc8 Ke3 43. Ke1 h4 44. a7 Nxa7 45. Nxa7 g4 46. Nc6
e4 47. Ne5 Kf4 48. Ng6+ Kg3 49. Kf1 h3 50. Kg1 hxg2 51. Ne5 e3 52. Nd3 Kf3 53.
Ne5+ Ke2 54. Kxg2 Kd1 55. Nxg4 e2 56. Ne3+ Kd2 57. Nc4+ Kxc2 58. Kf2 Kd3 59.
Na3 1/2-1/2

[Event "XX Miedzynarodowy Turniej Szachowy"]
[Site "Kowalewo Pomorskie"]
[Date "2013.07.11"]
[Round "3.8"]
[White "Bes, Michal"]
[Black "Machlowski, Slawomir"]
[Result "1-0"]
[WhiteElo "2000"]
[BlackElo "2159"]
[PlyCount "41"]
[EventDate "2013.??.??"]

1. e4 e6 2. d4 c5 3. d5 exd5 4. exd5 d6 5. Nf3 Ne7 6. Bd3 Ng6 7. Bg5 Be7 8. Qe2
O-O 9. Bxe7 Nxe7 10. O-O Ng6 11. Re1 a6 12. Nbd2 Bg4 13. Bxg6 hxg6 14. Qe7 b5
15. Ng5 Qb6 16. Qe4 Bh5 17. g4 Nd7 18. gxh5 Nf6 19. Qf3 gxh5 20. Qf5 Rfe8 21.
Nde4 1-0

[Event "XX Miedzynarodowy Turniej Szachowy"]
[Site "Kowalewo Pomorskie"]
[Date "2013.07.11"]
[Round "3.9"]
[White "Szopieraj, Dariusz"]
[Black "Zielinski, Olgierd"]
[Result "1/2-1/2"]
[WhiteElo "2069"]
[BlackElo "1900"]
[PlyCount "45"]
[EventDate "2013.??.??"]

1. e4 c5 2. Nf3 e6 3. d3 Nc6 4. g3 g6 5. Bg2 Bg7 6. O-O Nge7 7. Re1 Nd4 8. Nbd2
Nec6 9. c3 Nxf3+ 10. Nxf3 d6 11. d4 cxd4 12. cxd4 O-O 13. d5 exd5 14. exd5 Ne5
15. Nxe5 dxe5 16. Be3 b6 17. Qb3 Qd6 18. Rac1 Bb7 19. Bc5 bxc5 20. Qxb7 Rfb8
21. Qc6 Bf8 22. b3 a5 23. Rc4 1/2-1/2

[Event "XX Miedzynarodowy Turniej Szachowy"]
[Site "Kowalewo Pomorskie"]
[Date "2013.07.11"]
[Round "3.10"]
[White "Kamieniecki, Tomasz"]
[Black "Rozycki, Bartlomiej"]
[Result "1-0"]
[WhiteElo "1963"]
[BlackElo "2064"]
[PlyCount "105"]
[EventDate "2013.??.??"]

1. d4 d5 2. c4 e6 3. Nc3 c6 4. Nf3 dxc4 5. a4 Bb4 6. e3 b5 7. Be2 Bb7 8. O-O a6
9. Qc2 Nf6 10. Ne5 Nbd7 11. f4 Qb6 12. Bf3 O-O 13. Kh1 Rfd8 14. Bd2 Nf8 15. a5
Bxa5 16. Rxa5 Qxa5 17. Nd5 Nxd5 18. Bxa5 Nxe3 19. Qc1 Nxf1 20. Bxd8 Rxd8 21.
Qxf1 Rd6 22. Be4 Rxd4 23. Bxc6 Bxc6 24. Nxc6 Rd2 25. Qc1 Rd6 26. Ne7+ Kh8 27.
g3 Ng6 28. Nc8 Rd8 29. Nb6 Ne7 30. Qa1 h6 31. Qxa6 Rd1+ 32. Kg2 Rd2+ 33. Kh3
Rxb2 34. Qa3 c3 35. Qxc3 Rb1 36. Qc5 Ng6 37. Nd7 Rb2 38. Qc3 Ra2 39. Qb3 Ra5
40. Qb4 Ra4 41. Qxb5 Ra3 42. Qb4 Ra8 43. Qe4 Rd8 44. Nc5 Rd6 45. Qb7 Rd5 46.
Qxf7 Rxc5 47. Qxg6 Rc8 48. Qxe6 Rf8 49. Kg4 Kh7 50. Qf5+ Kg8 51. Qg6 Kh8 52. f5
Kg8 53. Kh5 1-0

[Event "XX Miedzynarodowy Turniej Szachowy"]
[Site "Kowalewo Pomorskie"]
[Date "2013.07.11"]
[Round "3.11"]
[White "Krainski, Slawomir"]
[Black "Cichocki, Konrad"]
[Result "1-0"]
[WhiteElo "2035"]
[BlackElo "1958"]
[PlyCount "59"]
[EventDate "2013.??.??"]

1. d4 Nf6 2. Bf4 e6 3. e3 d5 4. Nf3 Bd6 5. Ne5 O-O 6. Bd3 c5 7. c3 Nc6 8. Nd2
Qc7 9. Ndf3 h6 10. Bg3 Nd7 11. Nxd7 Qxd7 12. Bb5 a6 13. Bxd6 Qxd6 14. Bxc6 bxc6
15. Qa4 cxd4 16. cxd4 f6 17. O-O e5 18. Rac1 Bd7 19. Nd2 f5 20. Nf3 exd4 21.
exd4 Rfb8 22. Qc2 Rb6 23. b3 a5 24. a4 Rab8 25. Qc5 Qxc5 26. Rxc5 Rxb3 27. Rxa5
Ra3 28. Ra7 Be8 29. h3 Rb4 30. Ra8 1-0

[Event "XX Miedzynarodowy Turniej Szachowy"]
[Site "Kowalewo Pomorskie"]
[Date "2013.07.11"]
[Round "3.12"]
[White "Sliwicka, Alicja"]
[Black "Sliwicki, Damian"]
[Result "0-1"]
[WhiteElo "1817"]
[BlackElo "2027"]
[PlyCount "72"]
[EventDate "2013.??.??"]

1. e4 e5 2. Nf3 Nc6 3. Bc4 Nf6 4. O-O Nxe4 5. Re1 d5 6. Bb5 Bc5 7. d4 exd4 8.
Nxd4 O-O 9. Bxc6 Nxf2 10. Qd2 Ne4 11. Qd3 Qh4 12. Rf1 bxc6 13. Be3 a5 14. b3
Ba6 15. c4 dxc4 16. bxc4 Rad8 17. Rf4 Qe1+ 18. Rf1 Qxe3+ 19. Qxe3 Bxd4 20. Qxd4
Rxd4 21. Na3 Bxc4 22. Nxc4 Rxc4 23. Rf4 Nd6 24. Rxc4 Nxc4 25. Rc1 Nb6 26. Rxc6
Rc8 27. Kf2 Kf8 28. Ke3 Ke7 29. Kd4 Rd8+ 30. Kc3 Kd7 31. Rc5 Na4+ 32. Kc4 Nxc5
33. Kxc5 Ke6 34. Kc6 f5 35. Kxc7 Rd2 36. Kc8 Rd7 0-1

[Event "XX Miedzynarodowy Turniej Szachowy"]
[Site "Kowalewo Pomorskie"]
[Date "2013.07.11"]
[Round "3.13"]
[White "Kaczmarek, Arkadiusz"]
[Black "Wacior, Maciej"]
[Result "1-0"]
[WhiteElo "2027"]
[BlackElo "1758"]
[PlyCount "85"]
[EventDate "2013.??.??"]

1. d4 d5 2. c4 c6 3. Nc3 Nf6 4. Nf3 e6 5. Bg5 Be7 6. e3 O-O 7. Bd3 Nbd7 8. O-O
h6 9. Bh4 dxc4 10. Bxc4 c5 11. Qe2 cxd4 12. exd4 Nb6 13. Bb3 Bd7 14. Rad1 Bc6
15. Ne5 Bd5 16. Bc2 Nfd7 17. Qd3 f5 18. Bxe7 Qxe7 19. Nxd5 Nxd5 20. Ng6 Qg5 21.
Nxf8 Nxf8 22. Bb3 f4 23. Rfe1 Rd8 24. Re5 Qg4 25. Qe4 Nf6 26. Qxb7 N6d7 27.
Ree1 Nb6 28. f3 Qg6 29. Qxa7 Nd5 30. Qa5 Rd7 31. Bxd5 Rxd5 32. Qd2 Qg5 33. b4
h5 34. a4 Ng6 35. Rxe6 Nh4 36. Qe2 Rd8 37. Re8+ Rxe8 38. Qxe8+ Kh7 39. Qe4+ Kg8
40. Rd2 Nf5 41. d5 Ne3 42. d6 Qf6 43. Qd4 1-0

[Event "XX Miedzynarodowy Turniej Szachowy"]
[Site "Kowalewo Pomorskie"]
[Date "2013.07.11"]
[Round "3.14"]
[White "Wisniewski, Szymon"]
[Black "Zurkowski, Andrzej"]
[Result "0-1"]
[WhiteElo "1791"]
[BlackElo "2020"]
[PlyCount "107"]
[EventDate "2013.??.??"]

1. e4 c5 2. Nc3 e6 3. f4 Nc6 4. Nf3 g6 5. Bb5 Nge7 6. e5 Nf5 7. Ne4 Be7 8. Bxc6
dxc6 9. O-O h5 10. b3 b6 11. Bb2 Ba6 12. Re1 c4 13. bxc4 Bxc4 14. d3 Ba6 15.
Nf6+ Kf8 16. Ng5 Bc5+ 17. Kh1 h4 18. Qf3 Kg7 19. Nge4 Be7 20. Rac1 c5 21. Rcd1
Bb7 22. Qf2 Qc7 23. h3 Qc6 24. Kh2 Rad8 25. Rg1 b5 26. c3 a5 27. d4 c4 28. a3
Qb6 29. Qe2 Qc6 30. Rd2 b4 31. axb4 axb4 32. Rgd1 Qb5 33. cxb4 Bxb4 34. Rc2 Bd5
35. Nd2 Ng3 36. Qf2 Qa4 37. Rdc1 Bxd2 38. Qxd2 Rb8 39. Bc3 Rb3 40. Ra2 Qc6 41.
Rb2 Rhb8 42. Kg1 Rxb2 43. Bxb2 c3 44. Bxc3 Qc4 45. Kf2 Rb3 46. Ba1 Rd3 47. Qb2
Qa6 48. Nxd5 exd5 49. Kg1 Ra3 50. Kh2 Ra2 51. Qb1 Qe2 52. Rg1 Qf2 53. e6 Qxf4
54. Qxa2 0-1